| 000 | 02652nam0a2200457 4500 | ||
|---|---|---|---|
| 001 | RU\NLR\bibl\1740258 | ||
| 005 | 20260408015420.0 | ||
| 010 |
_a978-5-93572-357-6 _91000 |
||
| 021 |
_aRU _b2011-88и _921и |
||
| 035 | _a(nilc)LIBNET\0000097369 | ||
| 035 | _a(NLR Aleph) 001731176 | ||
| 090 |
_a1400531 _c1400531 |
||
| 100 | _a20110118d2010 |||y0rusy50 ca | ||
| 101 | 0 |
_arus _deng |
|
| 102 | _aRU | ||
| 105 | _aa ||||||||| | ||
| 200 | 1 |
_a"Но если уж табак так нравится тебе..." _d"Since tobacco you love so much" _eкаталог выставки, [25 июня - 10 октября 2010 г., Санкт-Петербург _fавт. вступ. ст. О.Г. Костюк _gавт. каталож. описаний: И.Р. Багдасарова и др.] _zeng |
|
| 210 |
_aСанкт-Петербург _cИзд-во Государственного Эрмитажа _d2010 |
||
| 215 |
_a183 с. _cцв. ил., портр. _d25 |
||
| 300 | _aВ надзаг.: Гос. Эрмитаж | ||
| 300 | _aРез. на англ. яз. | ||
| 316 |
_aЭкслибрис: Дар Эрмитажа _5NLR |
||
| 320 | _aБиблиогр.: с. 178-180 | ||
| 510 | 0 |
_a"Since tobacco you love so much" _zeng |
|
| 601 | 0 | 2 |
_aГосударственный Эрмитаж _cСанкт-Петербург, город _jКаталоги _xВыставки _z2010 _92608956 _3RU\NLR\auth\661545514 |
| 606 | 1 |
_aДекоративно-прикладное искусство _jКаталоги _xТематика _xВыставки _yСанкт-Петербург, город _z17 - 20 вв. _z2010 _92613912 _3RU\NLR\auth\661550470 |
|
| 606 | 1 |
_aТабакерки _jКаталоги _xХудожественное оформление _xВыставки _yСанкт-Петербург, город _z2010 _92613910 _3RU\NLR\auth\661550468 |
|
| 686 |
_aЩ101.3(2Р)-2Санкт-Петербург2Эрмитаж.л62 _vLBC/SL _2rubbk |
||
| 686 |
_aЩ126.9(0)0л62 _vLBC/SL _2rubbk |
||
| 686 | _aЩ101.3(2Р)-2СПб2Эрмитаж л62 | ||
| 686 | _aЩ123(0)-3л62 | ||
| 686 | _aЩ126.93л62 | ||
| 711 | 1 | 2 |
_a"Но если уж табак так нравится тебе...", выставка _f2010 _eСанкт-Петербург _3RU\NLR\AUTH\8810178624 _9853372 |
| 712 | 0 | 2 |
_4570 _aГосударственный Эрмитаж _cСанкт-Петербург _3RU\NLR\AUTH\883267 _9277747 |
| 801 | 0 |
_aRU _bГПИБ России _c20110118 _grcr |
|
| 801 | 1 |
_aRU _bГПИБ России _c20110118 _grcr _2rusmarc |
|
| 801 | 2 |
_aRU _bNLR _c20110225 _grcr |
|
| 942 | _cBOOK | ||
| 980 | _aNB | ||